|
|
|
|
| LEADER |
00999naa a2200217 i 4500 |
| 001 |
acta54592 |
| 005 |
20230615124215.0 |
| 008 |
180719s2017 hu o 1|| hun d |
| 020 |
|
|
|a 963 482 366 1
|
| 040 |
|
|
|a SZTE Egyetemi Kiadványok Repozitórium
|b hun
|
| 041 |
|
|
|a hun
|
| 100 |
1 |
|
|a Szeverényi Sándor
|
| 245 |
1 |
0 |
|a Egy nganaszan episztenciális finit ige lexikalizációja
|h [elektronikus dokumentum] /
|c Szeverényi Sándor
|
| 260 |
|
|
|a Szegedi Tudományegyetem Magyar Nyelvészeti Tanszék
|b Szeged
|c 2017
|
| 300 |
|
|
|a 303-317
|
| 490 |
0 |
|
|a A nyelvtörténeti kutatások újabb eredményei
|v 9
|
| 650 |
|
4 |
|a Bölcsészettudományok
|
| 650 |
|
4 |
|a Nyelvek és irodalom
|
| 695 |
|
|
|a Nyelvtudomány, Nyelvtörténet, Nyelvészet - történeti, Pragmatika - nyelvészeti, Nganaszan nyelvtan, Nganaszan nyelvtan
|
| 711 |
|
|
|a A nyelvtörténeti kutatások újabb eredményei (9.)
|c Szeged
|d 2016. április 27-28.
|
| 856 |
4 |
0 |
|u http://acta.bibl.u-szeged.hu/54592/1/nyelvtort_009_303-317.pdf
|z Dokumentum-elérés
|